000 00637nam a22001937a 4500
005 20250228160536.0
008 250228b |||||||| |||| 00| 0 eng d
020 _a9780075610335
050 _aHF5415.13
_b.M369 MCC
100 _aPerreault William D., Jr.
245 _aApplications in Basic Marketing:
_bClippings from the Popular Business Press/
_cWilliam D. Perreault, Jr. & E. Jerome McCarthy
250 _a2001-2002 Ed.
260 _aBoston
_bMcGraw-Hill/Irwin
_c2002
300 _aix. 246p.
_bill.
_c22 cm
500 _aIncludes Index
650 _2Marketing
700 _aMcCarthy E. Jerome
942 _2lcc
_cBK
_e2001-2002 Ed.
_n0
999 _c4432
_d4432